000 00651nam a2200241 i 4500
001 C2-0300664
003 PPAK
005 20180728082143.0
008 091111s2009 my |||| ||||| | may d
020 _a9789675106781
040 _aPPAK
_beng
_cPPAK
_erda
082 0 4 _a899.231
_223
090 0 0 _a899.231
_bTEO
_dG
100 1 _aTeo, Wei Sing,
_eauthor
245 1 0 _aKutemui satu Malaysia
264 1 _aAmpang, Selangor :
_bPekan Ilmu Publications ,
_c2009
300 _axxx, 76 pages ;
_c21 cm
336 _2rdacontent
_atext
337 _2rdamedia
_aunmediated
338 _2rdacarrier
_avolume
650 1 0 _aMalay poetry.
942 _ddc
_cB
999 _c104535
_d104535